00516naa a2200157 a 450000100080000000500110000800800410001910000220006024500810008226000090016330000120017265000120018465300180019670000190021477301250023316632622010-04-06 2009 bl uuuu u00u1 u #d1 aDIANESE, A. de C. aNews records for the Brazilian Cerrado of leaf pathogens on Jatropha curcas. c2009 ap. S28. aCerrado aPinhão manso1 aDIANESE, J. C. tPhytopathology, St. Paulgv. 99, n. 6, S28, 2009. Suplement. Abstracts of presentations, Annual Meeting of the APS 2009.